Inovačné princípy cenné know-how pre vytváranie hodnotových inovácií

Inovačné princípy (IP) ako cenný zdroj pomocou ktorých môžeme zefektívniť konkurencieschopnosť výrobkov a služieb. Identifikácia inovačných princípov na základe analýz G. S, Altschullera je kľúčovou súčasťou metodiky TRIZ. Spôsoby využitia a voľba konkrétneho prístupu inovačných princípov. Kompletný...

Ausführliche Beschreibung

Gespeichert in:
Bibliographische Detailangaben
1. Verfasser: Butora, Peter
Format: Buchkapitel
Sprache:Slowakisch
Schlagworte:
Tags: Tag hinzufügen
Keine Tags, Fügen Sie das erste Tag hinzu!

MARC

LEADER 00000naa$a2200000$$$4500
001 0111617
005 20220729111612.1
041 0 |a slo 
044 |a SK 
245 1 0 |a Inovačné princípy  |b cenné know-how pre vytváranie hodnotových inovácií  |c Peter Butora 
520 |a Inovačné princípy (IP) ako cenný zdroj pomocou ktorých môžeme zefektívniť konkurencieschopnosť výrobkov a služieb. Identifikácia inovačných princípov na základe analýz G. S, Altschullera je kľúčovou súčasťou metodiky TRIZ. Spôsoby využitia a voľba konkrétneho prístupu inovačných princípov. Kompletný zoznam IP. 
610 2 0 |a inovácia 
610 2 0 |a objavy 
610 2 0 |a biotechnológia 
610 2 0 |a technika 
610 2 0 |a patenty 
610 2 0 |a know-how 
610 2 0 |a hodnota pridaná spracovaním 
100 1 |a Butora, Peter